00692nam a2200241 a 4500001001300000003000900013005001700022008004100039020001000080082001300090245003300103260005000136300000800186500003500194505001000229650004000239650001900279710003600298902000800334942000700342952008400349999001700433nice12345678IN_TiNIC20260116013606.0050524s1982 gena grp 000 0 eng  ac10000a205bCEC aChurches and Islam in Europe aGenevabConference of European Churchesc1982 a76p aincludes index and biblioraphy2 aIndex aReconciliation-Interfaith Musl Chri aMuslims-Europe2 aConference of European Churches bSRS cBK 00104070aHMIbHMId2016-02-12l0o205 CECp15150r2016-02-12w2016-02-12yBK c11584d11584